Wave propagation in solids and fluids by Julian L Davis (Record no. 1214717)

MARC details
000 -LEADER
fixed length control field 00975nam a2200289Ia 4500
003 - CONTROL NUMBER IDENTIFIER
control field OSt
005 - DATE AND TIME OF LATEST TRANSACTION
control field 20221007125124.0
008 - FIXED-LENGTH DATA ELEMENTS--GENERAL INFORMATION
fixed length control field 221006b |||||||| |||| 00| 0 eng d
020 ## - INTERNATIONAL STANDARD BOOK NUMBER
International Standard Book Number 0387967397 (hbd)
037 ## - SOURCE OF ACQUISITION
Terms of availability Textual
040 ## - CATALOGING SOURCE
Original cataloging agency CDL
Transcribing agency CDL
Language of cataloging eng
041 ## - LANGUAGE CODE
Source of code eng
Language code of text/sound track or separate title eng
100 ## - MAIN ENTRY--PERSONAL NAME
Personal name Davis Julian L
9 (RLIN) 721575
245 #0 - TITLE STATEMENT
Title Wave propagation in solids and fluids by Julian L Davis
260 ## - PUBLICATION, DISTRIBUTION, ETC.
Place of publication, distribution, etc. New
Name of publisher, distributor, etc. York Springer Verlag
Date of publication, distribution, etc. 1988
300 ## - PHYSICAL DESCRIPTION
Extent x,386p+58 illus
Dimensions cm.
500 ## - GENERAL NOTE
General note Bibliograpy 381-382p; Index 383-386p; ^n23/CSL/Carc/96-97/3927^d1997-01-27^mPurchase; ; 96-97/511^b1997-03-17^c7639^d1997-03-17^eAhuja Book Com apny; ; 1997-04-04^bSB^c1997-05-13
650 ## - SUBJECT ADDED ENTRY--TOPICAL TERM
Topical term or geographic name entry element Dynamics
9 (RLIN) 453975
650 ## - SUBJECT ADDED ENTRY--TOPICAL TERM
Topical term or geographic name entry element Waves
9 (RLIN) 714062
650 ## - SUBJECT ADDED ENTRY--TOPICAL TERM
Topical term or geographic name entry element Mechanics
942 ## - ADDED ENTRY ELEMENTS (KOHA)
Classification part B7:55, M8
Koha item type Textual
Source of classification or shelving scheme Colon Classification (CC)
Holdings
Withdrawn status Lost status Source of classification or shelving scheme Damaged status Not for loan Home library Current library Date acquired Source of acquisition Total Checkouts Full call number Barcode Date last seen Price effective from Koha item type
    Colon Classification (CC)     Department of Chemistry Library Department of Chemistry Library 2022-10-07 Ahuja,   B7:55 M8 CD0006236 2022-10-07 2022-10-07 Textual
Copyright @ Delhi University Library System